000 00658nam a2200253 i 4500
003 DO-SdBNP
005 20250620100508.0
007 ta
008 250620s1984 dr 000 0 spa d
040 _aDO-SdBNP
_bspa
_cBNPHU
_erda
041 _hspa
082 _axxx
_bB976
_222
110 _9447
240 1 0 _a[leyes,etc.]
245 _aEn busca de un modelo socioeconómico
264 1 _aSanto Domingo :
_bAnje,
_c1984
300 _a248 páginas ;
_c21 cm.
336 _atexto
_btxt
_2rdacontent
337 _asin mediación
_bn
_2rdamedia
338 _avolumen
_bnc
_2rdacarrier
590 _aInventariado, 2025/DG
910 _aDG
942 _2ddc
_cLBS1
999 _c59346
_d59346